[Event "SM-gruppen"]
[Site "Örebro"]
[Date "2013.07.08"]
[Round "3"]
[White "Carlsson, Pontus"]
[Black "Hector, Jonny"]
[Result "1-0"]
[BlackElo "2509"]
[WhiteElo "2516"]

1. d4 {[%clk 1:27:59]} d5 {[%clk 1:30:10]} 2. Nf3 {[%clk 1:27:09]} Nf6
{[%clk 1:30:06]} 3. c4 {[%clk 1:27:29]} c6 {[%clk 1:30:29]} 4. cxd5
{[%clk 1:27:30]} cxd5 {[%clk 1:30:40]} 5. Nc3 {[%clk 1:27:39]} Nc6
{[%clk 1:30:43]} 6. Bf4 {[%clk 1:27:50]} Bf5 {[%clk 1:30:44]} 7. Qb3
{[%clk 1:27:58]} Na5 {[%clk 1:29:01]} 8. Qa4+ {[%clk 1:28:23]} Bd7
{[%clk 1:29:12]} 9. Qc2 {[%clk 1:28:50]} e6 {[%clk 1:28:07]} 10. e3
{[%clk 1:29:01]} Rc8 {[%clk 1:27:13]} 11. Bd3 {[%clk 1:27:59]} Be7
{[%clk 1:21:20]} 12. O-O {[%clk 1:25:37]} Nc6 {[%clk 1:18:41]} 13. a3
{[%clk 1:07:06]} Nh5 {[%clk 1:09:26]} 14. Be5 {[%clk 1:07:30]} Nxe5
{[%clk 1:08:46]} 15. Nxe5 {[%clk 1:01:44]} Nf6 {[%clk 1:05:24]} 16. Qb3
{[%clk 0:53:15]} Bc6 {[%clk 0:52:46]} 17. Nxc6 {[%clk 0:22:36]} bxc6
{[%clk 0:51:20]} 18. Qa4 {[%clk 0:19:51]} Rc7 {[%clk 0:45:07]} 19. f4
{[%clk 0:13:41]} O-O {[%clk 0:38:13]} 20. b4 {[%clk 0:13:44]} Ng4
{[%clk 0:35:41]} 21. Rae1 {[%clk 0:11:35]} f5 {[%clk 0:35:54]} 22. h3
{[%clk 0:11:30]} Nf6 {[%clk 0:29:14]} 23. Ne2 {[%clk 0:08:24]} Qa8
{[%clk 0:16:39]} 24. Rc1 {[%clk 0:08:29]} Rb8 {[%clk 0:13:07]} 25. Rc3
{[%clk 0:07:39]} Bd6 {[%clk 0:08:52]} 26. Rfc1 {[%clk 0:07:33]} Rb6
{[%clk 0:09:14]} 27. Qa5 {[%clk 0:01:37]} Qb8 {[%clk 0:06:35]} 28. Qa4
{[%clk 0:01:28]} Qe8 {[%clk 0:05:43]} 29. Qa5 {[%clk 0:00:34]} Qb8
{[%clk 0:04:11]} 30. Qa4 {[%clk 0:00:59]} Qb7 {[%clk 0:04:15]} 31. R1c2
{[%clk 0:00:32]} h6 {[%clk 0:04:22]} 32. Rc5 {[%clk 0:00:32]} g5 {[%clk 0:02:00]}
33. Ra5 {[%clk 0:00:34]} Qa8 {[%clk 0:01:19]} 34. Ra6 {[%clk 0:00:57]} Qb7
{[%clk 0:01:06]} 35. Qa5 {[%clk 0:00:34]} Ne4 {[%clk 0:00:48]} 36. Qa4
{[%clk 0:00:37]} Nf6 {[%clk 0:01:02]} 37. Qa5 {[%clk 0:00:50]} Nd7
{[%clk 0:01:02]} 38. Qa4 {[%clk 0:01:06]} Nf8 {[%clk 0:00:55]} 39. Kf2
{[%clk 0:00:48]} Nd7 {[%clk 0:00:50]} 40. Kg1 {[%clk 0:30:36]} Nb8
{[%clk 0:30:58]} 41. Ra5 {[%clk 0:26:39]} a6 {[%clk 0:29:19]} 42. Qb3
{[%clk 0:23:28]} Rg7 {[%clk 0:24:42]} 43. Qb1 {[%clk 0:04:57]} Qf7
{[%clk 0:22:59]} 44. Qf1 {[%clk 0:03:44]} Qh5 {[%clk 0:21:49]} 45. g3
{[%clk 0:01:52]} Qf7 {[%clk 0:18:19]} 46. Qf3 {[%clk 0:00:53]} h5
{[%clk 0:17:49]} 47. fxg5 {[%clk 0:00:57]} Rxg5 {[%clk 0:17:59]} 48. Kf2
{[%clk 0:01:08]} Rg7 {[%clk 0:14:23]} 49. Nf4 {[%clk 0:01:07]} h4
{[%clk 0:14:18]} 50. gxh4 {[%clk 0:00:54]} Qf6 {[%clk 0:09:10]} 51. Kf1
{[%clk 0:01:22]} Qxh4 {[%clk 0:08:13]} 52. Nxe6 {[%clk 0:00:56]} Rg3
{[%clk 0:08:23]} 53. Rg2 {[%clk 0:00:56]} Qxh3 {[%clk 0:08:15]} 54. Bxf5
{[%clk 0:01:13]} Kh8 {[%clk 0:07:51]} 55. Qxg3 {[%clk 0:00:47]} Qxg3
{[%clk 0:07:13]} 56. Rxg3 {[%clk 0:01:13]} Bxg3 {[%clk 0:07:37]} 57. Nc5
{[%clk 0:00:43]} Kg7 {[%clk 0:02:32]} 58. Bc8 {[%clk 0:01:12]} Bd6
{[%clk 0:02:42]} 59. Nxa6 {[%clk 0:01:15]} Kf6 {[%clk 0:02:37]} 60. Nc5
{[%clk 0:00:53]} Ke7 {[%clk 0:02:40]} 61. Ra7+ {[%clk 0:01:15]} Kd8
{[%clk 0:02:43]} 62. Bf5 {[%clk 0:00:51]} Bxc5 {[%clk 0:02:20]} 63. dxc5
{[%clk 0:01:14]} Ra6 {[%clk 0:02:44]} 64. Rb7 {[%clk 0:01:01]} Ra8
{[%clk 0:03:08]} 65. Ke2 {[%clk 0:00:40]} Na6 {[%clk 0:03:31]} 66. Rd7+
{[%clk 0:01:00]} Ke8 {[%clk 0:03:53]} 67. Rh7 {[%clk 0:00:57]} 1-0

[Event "SM-gruppen"]
[Site "Örebro"]
[Date "2013.07.08"]
[Round "3"]
[White "Cramling, Pia"]
[Black "Brynell, Stellan"]
[Result "1/2-1/2"]
[BlackElo "2484"]
[WhiteElo "2524"]

1. d4 {[%clk 1:30:55]} e6 {[%clk 1:30:35]} 2. c4 {[%clk 1:30:57]} Nf6
{[%clk 1:30:56]} 3. Nc3 {[%clk 1:31:13]} Bb4 {[%clk 1:31:16]} 4. e3
{[%clk 1:31:33]} O-O {[%clk 1:30:55]} 5. Nge2 {[%clk 1:31:44]} c6
{[%clk 1:30:44]} 6. Qb3 {[%clk 1:19:23]} Ba5 {[%clk 1:19:40]} 7. g3
{[%clk 1:16:31]} d5 {[%clk 1:19:35]} 8. Bg2 {[%clk 1:16:46]} b5 {[%clk 1:06:04]}
9. cxb5 {[%clk 1:09:01]} cxb5 {[%clk 1:06:25]} 10. a3 {[%clk 1:08:05]} Ba6
{[%clk 1:00:35]} 11. Qc2 {[%clk 0:52:14]} b4 {[%clk 0:55:46]} 12. axb4
{[%clk 0:52:37]} Bxb4 {[%clk 0:56:09]} 13. O-O {[%clk 0:52:15]} Qc8
{[%clk 0:38:13]} 14. Rd1 {[%clk 0:49:15]} Nc6 {[%clk 0:34:04]} 15. Qa4
{[%clk 0:31:44]} Bb7 {[%clk 0:31:42]} 16. Bd2 {[%clk 0:29:38]} a5
{[%clk 0:30:00]} 17. Rdc1 {[%clk 0:26:56]} Qd7 {[%clk 0:29:03]} 18. Qd1
{[%clk 0:25:41]} Qd6 {[%clk 0:23:47]} 19. Na4 {[%clk 0:20:34]} Nd7
{[%clk 0:23:31]} 20. Nf4 {[%clk 0:20:32]} Ba6 {[%clk 0:23:07]} 21. Bxb4
{[%clk 0:20:03]} axb4 {[%clk 0:17:23]} 22. Nd3 {[%clk 0:19:54]} Bc4
{[%clk 0:15:00]} 23. Ndc5 {[%clk 0:19:25]} Nxc5 {[%clk 0:14:15]} 24. Nxc5
{[%clk 0:19:43]} Rfb8 {[%clk 0:11:55]} 25. Rxa8 {[%clk 0:14:43]} Rxa8
{[%clk 0:12:21]} 26. b3 {[%clk 0:14:58]} Bb5 {[%clk 0:12:33]} 27. Bf1
{[%clk 0:15:09]} Bxf1 {[%clk 0:07:19]} 28. Qxf1 {[%clk 0:15:32]} h5
{[%clk 0:03:30]} 29. Qb5 {[%clk 0:13:50]} Ne7 {[%clk 0:03:46]} 30. Nb7
{[%clk 0:11:47]} Qa6 {[%clk 0:03:50]} 31. Qxa6 {[%clk 0:11:11]} Rxa6
{[%clk 0:04:18]} 32. Rc7 {[%clk 0:10:46]} Nf5 {[%clk 0:04:47]} 33. Nc5 Ra1+
{[%clk 0:05:01]} 34. Kg2 {[%clk 0:07:22]} Ra2 {[%clk 0:05:26]} 35. Kf1
{[%clk 0:06:47]} Ra1+ {[%clk 0:04:39]} 36. Kg2 {[%clk 0:07:07]} Ra2
{[%clk 0:04:54]} 37. Kf1 {[%clk 0:05:49]} Ra1+ {[%clk 0:04:42]} 38. Kg2
{[%clk 0:06:12]} Ra2 {[%clk 0:04:26]} 39. Kf1 {[%clk 0:06:33]} 1/2-1/2

[Event "SM-gruppen"]
[Site "Örebro"]
[Date "2013.07.08"]
[Round "3"]
[White "Wiedenkeller, Michael"]
[Black "Lindberg, Bengt"]
[Result "1-0"]
[BlackElo "2410"]
[WhiteElo "2475"]

1. d4 {[%clk 1:30:01]} Nf6 {[%clk 1:30:50]} 2. c4 {[%clk 1:30:19]} e6
{[%clk 1:31:15]} 3. Nc3 {[%clk 1:30:28]} Bb4 {[%clk 1:31:39]} 4. e3
{[%clk 1:29:45]} O-O {[%clk 1:31:35]} 5. Bd3 {[%clk 1:29:49]} d5 {[%clk 1:31:46]}
6. Nge2 {[%clk 1:29:27]} c5 {[%clk 1:32:02]} 7. cxd5 {[%clk 1:28:42]} cxd4
{[%clk 1:32:25]} 8. exd4 {[%clk 1:28:55]} Nxd5 {[%clk 1:32:44]} 9. O-O
{[%clk 1:28:04]} Nc6 {[%clk 1:33:03]} 10. Nxd5 {[%clk 1:23:34]} exd5
{[%clk 1:33:17]} 11. Be3 {[%clk 1:22:31]} Bd6 {[%clk 1:27:01]} 12. Rc1
{[%clk 1:21:27]} Qh4 {[%clk 1:17:59]} 13. g3 {[%clk 1:20:15]} Qh5
{[%clk 0:53:15]} 14. Bf4 {[%clk 0:55:17]} Be7 {[%clk 0:48:41]} 15. f3
{[%clk 0:51:38]} Be6 {[%clk 0:39:46]} 16. Be3 {[%clk 0:43:27]} Bd6
{[%clk 0:36:00]} 17. Bf4 {[%clk 0:37:43]} Rfd8 {[%clk 0:32:43]} 18. Bb5
{[%clk 0:35:14]} Ne7 {[%clk 0:28:59]} 19. Bxd6 {[%clk 0:35:28]} Rxd6
{[%clk 0:29:27]} 20. Rc7 {[%clk 0:34:55]} Nf5 {[%clk 0:12:26]} 21. Qd2
{[%clk 0:30:44]} Rb6 {[%clk 0:12:29]} 22. Bd3 {[%clk 0:28:15]} Nd6
{[%clk 0:12:13]} 23. Nf4 {[%clk 0:25:01]} Qg5 {[%clk 0:11:15]} 24. Re1
{[%clk 0:24:01]} Qd8 {[%clk 0:04:02]} 25. Rc5 {[%clk 0:17:01]} Ne8
{[%clk 0:04:25]} 26. Qc2 {[%clk 0:15:05]} Nf6 {[%clk 0:03:26]} 27. a3
{[%clk 0:09:09]} Qd6 {[%clk 0:03:31]} 28. b4 {[%clk 0:09:18]} Rc6
{[%clk 0:03:00]} 29. b5 {[%clk 0:08:11]} Rxc5 {[%clk 0:03:25]} 30. dxc5
{[%clk 0:08:39]} Qd7 31. Nxe6 {[%clk 0:07:29]} fxe6 {[%clk 0:02:05]} 32. Kg2
{[%clk 0:02:47]} Rc8 {[%clk 0:01:51]} 33. Qc3 {[%clk 0:02:51]} Rc7
{[%clk 0:01:25]} 34. Rc1 {[%clk 0:02:02]} Qe7 {[%clk 0:01:10]} 35. Qe5
{[%clk 0:01:49]} Kf7 {[%clk 0:00:42]} 36. c6 {[%clk 0:01:40]} bxc6
{[%clk 0:00:55]} 37. Rxc6 {[%clk 0:01:23]} Rxc6 38. bxc6 {[%clk 0:01:52]} Ne8
{[%clk 0:01:06]} 39. Bxh7 {[%clk 0:01:32]} Qxa3 {[%clk 0:00:57]} 40. Bg6+
{[%clk 0:31:13]} Kxg6 {[%clk 0:30:50]} 41. Qxe6+ {[%clk 0:31:37]} Nf6
{[%clk 0:18:43]} 42. c7 {[%clk 0:31:23]} Qb2+ {[%clk 0:19:07]} 43. Kh3
{[%clk 0:31:29]} Qc1 {[%clk 0:19:12]} 44. c8=Q {[%clk 0:31:32]} Qf1+
{[%clk 0:19:38]} 45. Kh4 {[%clk 0:31:34]} Qxf3 {[%clk 0:20:02]} 46. Qc2+
{[%clk 0:30:34]} Kh6 {[%clk 0:20:25]} 47. Qef5 {[%clk 0:28:46]} 1-0

[Event "SM-gruppen"]
[Site "Örebro"]
[Date "2013.07.09"]
[Round "4"]
[White "Brynell, Stellan"]
[Black "Carlsson, Pontus"]
[Result "1/2-1/2"]
[BlackElo "2516"]
[WhiteElo "2484"]

1. d4 {[%clk 1:30:57]} Nf6 {[%clk 1:24:05]} 2. c4 {[%clk 1:31:13]} g6
{[%clk 1:24:31]} 3. Nf3 {[%clk 1:29:53]} Bg7 {[%clk 1:23:31]} 4. Nc3
{[%clk 1:29:42]} O-O {[%clk 1:23:26]} 5. g3 {[%clk 1:28:54]} d6 {[%clk 1:23:05]}
6. Bg2 {[%clk 1:29:20]} c6 {[%clk 1:23:29]} 7. O-O {[%clk 1:29:45]} Qa5
{[%clk 1:23:45]} 8. e4 {[%clk 1:29:10]} e5 {[%clk 1:23:42]} 9. h3
{[%clk 1:29:12]} Nbd7 {[%clk 1:22:58]} 10. Re1 {[%clk 1:29:05]} exd4
{[%clk 1:22:54]} 11. Nxd4 {[%clk 1:29:26]} Ne5 {[%clk 1:23:14]} 12. Bf1
{[%clk 1:29:26]} Be6 {[%clk 1:22:03]} 13. Nxe6 {[%clk 1:29:25]} fxe6
{[%clk 1:22:31]} 14. Be3 {[%clk 1:20:58]} d5 {[%clk 1:20:48]} 15. cxd5
{[%clk 1:19:18]} exd5 {[%clk 1:19:58]} 16. Bg2 {[%clk 1:16:09]} Nxe4
{[%clk 1:12:47]} 17. Nxe4 {[%clk 1:14:18]} dxe4 {[%clk 1:13:11]} 18. Bxe4
{[%clk 1:11:56]} Qb5 {[%clk 1:12:50]} 19. Qe2 {[%clk 1:00:30]} Qxe2
{[%clk 1:08:01]} 20. Rxe2 {[%clk 1:00:50]} Nc4 {[%clk 1:07:27]} 21. Rb1
{[%clk 0:50:42]} Nxe3 {[%clk 0:45:04]} 22. Rxe3 {[%clk 0:50:21]} Bd4
{[%clk 0:45:33]} 23. Re2 {[%clk 0:48:16]} Rae8 {[%clk 0:45:32]} 24. Rf1
{[%clk 0:37:35]} Rf7 {[%clk 0:20:18]} 25. Bd3 {[%clk 0:36:20]} Rxe2
{[%clk 0:11:39]} 26. Bxe2 {[%clk 0:36:43]} Re7 {[%clk 0:11:03]} 27. Bc4+
{[%clk 0:36:31]} Kg7 {[%clk 0:10:36]} 28. b3 {[%clk 0:36:29]} Bc3
{[%clk 0:06:33]} 29. Rc1 {[%clk 0:35:12]} Re1+ {[%clk 0:06:51]} 30. Rxe1
{[%clk 0:35:32]} Bxe1 {[%clk 0:07:18]} 31. Kf1 {[%clk 0:35:53]} Bb4
{[%clk 0:07:05]} 32. Ke2 {[%clk 0:36:10]} Kf6 {[%clk 0:07:19]} 33. f4
{[%clk 0:36:23]} h6 {[%clk 0:07:14]} 34. a4 {[%clk 0:36:34]} a6 {[%clk 0:03:29]}
35. Kf3 {[%clk 0:36:50]} g5 {[%clk 0:03:22]} 36. fxg5+ {[%clk 0:36:55]} Kxg5
{[%clk 0:03:46]} 37. Be6 {[%clk 0:36:57]} b5 {[%clk 0:04:08]} 38. axb5
{[%clk 0:37:03]} cxb5 {[%clk 0:04:09]} 39. Bc8 {[%clk 0:37:25]} a5
{[%clk 0:04:32]} 40. Bd7 {[%clk 1:07:49]} a4 {[%clk 0:34:54]} 1/2-1/2

[Event "SM-gruppen"]
[Site "Örebro"]
[Date "2013.07.09"]
[Round "4"]
[White "Grandelius, Nils"]
[Black "Wiedenkeller, Michael"]
[Result "1-0"]
[BlackElo "2475"]
[WhiteElo "2573"]

1. e4 {[%clk 1:30:52]} e6 {[%clk 1:30:03]} 2. d4 {[%clk 1:31:11]} d5
{[%clk 1:30:24]} 3. Nc3 {[%clk 1:31:20]} Nf6 {[%clk 1:30:39]} 4. Bg5
{[%clk 1:30:37]} dxe4 {[%clk 1:30:31]} 5. Nxe4 {[%clk 1:30:56]} Nbd7
{[%clk 1:30:45]} 6. Nf3 {[%clk 1:29:53]} Be7 {[%clk 1:30:32]} 7. Nxf6+
{[%clk 1:29:54]} Bxf6 {[%clk 1:30:27]} 8. h4 {[%clk 1:28:26]} a6 {[%clk 1:29:16]}
9. Bd3 {[%clk 1:18:26]} c5 {[%clk 1:20:35]} 10. Qe2 {[%clk 1:18:08]} cxd4
{[%clk 1:16:52]} 11. O-O-O {[%clk 1:17:26]} Nc5 {[%clk 1:01:59]} 12. Be4
{[%clk 1:02:47]} Bd7 {[%clk 0:55:54]} 13. Rxd4 {[%clk 0:58:55]} Rc8
{[%clk 0:48:52]} 14. Rhd1 {[%clk 0:51:46]} Qa5 {[%clk 0:42:57]} 15. Bxf6
{[%clk 0:51:11]} Qxa2 {[%clk 0:40:03]} 16. Bd5 {[%clk 0:48:49]} Qa1+
{[%clk 0:36:00]} 17. Kd2 {[%clk 0:49:12]} Qxb2 {[%clk 0:35:33]} 18. Bxg7
{[%clk 0:45:16]} Rg8 {[%clk 0:26:04]} 19. Bf6 {[%clk 0:29:02]} Nb3+
{[%clk 0:20:26]} 20. Ke1 {[%clk 0:29:30]} Rxc2 {[%clk 0:19:49]} 21. Qxc2
{[%clk 0:19:40]} Qxc2 {[%clk 0:20:03]} 22. Bxb3 {[%clk 0:20:06]} Qxb3
{[%clk 0:16:49]} 23. Rc1 {[%clk 0:17:52]} Qb6 {[%clk 0:16:36]} 24. Rxd7
{[%clk 0:17:55]} Kxd7 {[%clk 0:12:38]} 25. Ne5+ {[%clk 0:18:19]} Kd6
{[%clk 0:12:52]} 26. Nc4+ {[%clk 0:18:45]} Kc6 {[%clk 0:13:00]} 27. Nxb6+
{[%clk 0:19:08]} Kxb6 {[%clk 0:13:23]} 28. g3 {[%clk 0:18:21]} a5
{[%clk 0:11:18]} 29. Kd2 {[%clk 0:15:44]} h5 {[%clk 0:06:26]} 30. Kd3
{[%clk 0:13:46]} Rg4 {[%clk 0:06:09]} 31. Bd4+ {[%clk 0:13:35]} Ka6
{[%clk 0:05:44]} 32. Rc5 {[%clk 0:12:45]} a4 {[%clk 0:03:22]} 33. Rxh5
{[%clk 0:12:46]} f5 {[%clk 0:03:25]} 34. Rh6 {[%clk 0:11:34]} Re4
{[%clk 0:03:50]} 35. f3 {[%clk 0:12:00]} Re1 {[%clk 0:03:45]} 36. Kd2
{[%clk 0:12:03]} 1-0

[Event "SM-gruppen"]
[Site "Örebro"]
[Date "2013.07.09"]
[Round "4"]
[White "Tikkanen, Hans"]
[Black "Cramling, Pia"]
[Result "1/2-1/2"]
[BlackElo "2524"]
[WhiteElo "2528"]

1. d4 {[%clk 1:30:57]} Nf6 {[%clk 1:30:45]} 2. c4 {[%clk 1:31:20]} e6
{[%clk 1:31:06]} 3. Nc3 {[%clk 1:31:44]} Bb4 {[%clk 1:31:28]} 4. e3
{[%clk 1:32:09]} O-O {[%clk 1:31:33]} 5. Nge2 {[%clk 1:32:31]} d5
{[%clk 1:24:41]} 6. a3 {[%clk 1:32:36]} Bd6 {[%clk 1:25:00]} 7. Ng3
{[%clk 1:32:24]} c5 {[%clk 1:15:01]} 8. dxc5 {[%clk 1:32:02]} Bxc5
{[%clk 1:14:59]} 9. cxd5 {[%clk 1:32:20]} exd5 {[%clk 1:12:35]} 10. Bd3
{[%clk 1:30:56]} Be6 {[%clk 1:08:54]} 11. O-O {[%clk 1:25:08]} Nc6
{[%clk 1:05:34]} 12. b4 {[%clk 1:24:53]} Bd6 {[%clk 0:54:09]} 13. Bb2
{[%clk 1:23:39]} Rc8 {[%clk 0:50:27]} 14. Nb5 {[%clk 0:53:02]} Bb8
{[%clk 0:46:26]} 15. f4 {[%clk 0:50:36]} Qe7 {[%clk 0:29:41]} 16. Qf3
{[%clk 0:42:33]} Rfe8 {[%clk 0:27:23]} 17. Rae1 {[%clk 0:39:45]} a5
{[%clk 0:21:02]} 18. bxa5 {[%clk 0:34:35]} Bd7 {[%clk 0:21:03]} 19. Nf5
{[%clk 0:28:04]} Bxf5 {[%clk 0:20:56]} 20. Bxf5 {[%clk 0:28:32]} Rcd8
{[%clk 0:21:02]} 21. Qh3 {[%clk 0:20:27]} Nxa5 {[%clk 0:16:28]} 22. Rf3
{[%clk 0:16:40]} Nc4 {[%clk 0:06:10]} 23. Bd4 {[%clk 0:14:37]} h6
{[%clk 0:05:09]} 24. Rd1 {[%clk 0:09:13]} Nd6 {[%clk 0:04:59]} 25. Nxd6
{[%clk 0:07:39]} Bxd6 {[%clk 0:05:23]} 26. Rg3 {[%clk 0:05:06]} Kh8
{[%clk 0:05:04]} 27. Rb1 {[%clk 0:04:51]} b5 {[%clk 0:04:43]} 28. Rxb5
{[%clk 0:04:48]} Rb8 {[%clk 0:01:41]} 29. Rxb8 {[%clk 0:02:34]} Rxb8
{[%clk 0:02:09]} 30. Bd3 {[%clk 0:02:04]} Bc5 {[%clk 0:02:14]} 31. Be5
{[%clk 0:02:17]} Bd6 {[%clk 0:02:41]} 32. Bd4 {[%clk 0:00:55]} Bc5
{[%clk 0:03:07]} 33. Be5 {[%clk 0:01:04]} Bd6 {[%clk 0:03:32]} 34. Qf5
{[%clk 0:00:54]} Bxe5 {[%clk 0:03:27]} 35. fxe5 {[%clk 0:01:15]} Ne4
{[%clk 0:03:52]} 36. Bxe4 {[%clk 0:00:42]} dxe4 {[%clk 0:04:19]} 37. h3
{[%clk 0:00:40]} Rb3 {[%clk 0:03:03]} 38. a4 {[%clk 0:00:43]} Rb4
{[%clk 0:02:13]} 39. a5 {[%clk 0:00:50]} Rb5 {[%clk 0:02:12]} 40. a6
{[%clk 0:30:47]} Rxe5 {[%clk 0:31:43]} 41. Qc8+ {[%clk 0:25:35]} 1/2-1/2

[Event "SM-gruppen"]
[Site "Örebro"]
[Date "2013.07.09"]
[Round "4"]
[White "Lindberg, Bengt"]
[Black "Hillarp Persson, Tiger"]
[Result "1-0"]
[BlackElo "2528"]
[WhiteElo "2410"]

1. e4 {[%clk 1:30:58]} c5 {[%clk 1:25:23]} 2. Nf3 {[%clk 1:31:22]} a6
{[%clk 1:25:49]} 3. c3 {[%clk 1:29:36]} d6 {[%clk 1:24:58]} 4. d4
{[%clk 1:28:50]} Qc7 {[%clk 1:25:12]} 5. Bd3 {[%clk 1:21:45]} Nd7
{[%clk 1:22:22]} 6. O-O {[%clk 1:12:41]} g6 {[%clk 1:22:45]} 7. Re1
{[%clk 1:01:32]} e5 {[%clk 1:20:39]} 8. dxe5 {[%clk 0:51:50]} dxe5
{[%clk 1:21:02]} 9. Nbd2 {[%clk 0:52:06]} Ngf6 {[%clk 1:13:04]} 10. a4
{[%clk 0:51:46]} b6 {[%clk 1:12:38]} 11. Bc4 {[%clk 0:30:53]} Bh6
{[%clk 1:10:39]} 12. h4 {[%clk 0:24:28]} O-O {[%clk 1:00:31]} 13. Ng5 Bxg5
{[%clk 0:41:05]} 14. hxg5 {[%clk 0:25:01]} Nh5 {[%clk 0:41:26]} 15. Nf3
{[%clk 0:22:17]} Bb7 {[%clk 0:39:15]} 16. Nh2 {[%clk 0:21:13]} Rad8
{[%clk 0:31:44]} 17. Qe2 {[%clk 0:20:12]} Nf4 {[%clk 0:30:13]} 18. Bxf4
{[%clk 0:20:36]} exf4 {[%clk 0:30:36]} 19. e5 {[%clk 0:20:30]} Rde8
{[%clk 0:21:51]} 20. Ng4 {[%clk 0:20:26]} h5 {[%clk 0:21:23]} 21. gxh6
{[%clk 0:18:25]} Kh8 {[%clk 0:16:07]} 22. Rad1 {[%clk 0:13:11]} Bc6
{[%clk 0:16:18]} 23. Bd5 {[%clk 0:11:14]} Bxa4 {[%clk 0:15:25]} 24. b3
{[%clk 0:11:39]} Bc6 {[%clk 0:15:06]} 25. Bxc6 {[%clk 0:11:15]} Qxc6
{[%clk 0:15:30]} 26. Qd2 {[%clk 0:10:35]} Re7 {[%clk 0:13:39]} 27. Qxf4
{[%clk 0:09:59]} Re6 {[%clk 0:12:10]} 28. Re3 {[%clk 0:08:23]} b5
{[%clk 0:06:09]} 29. Red3 {[%clk 0:07:40]} 1-0

[Event "SM-gruppen"]
[Site "Örebro"]
[Date "2013.07.09"]
[Round "4"]
[White "Smith, Axel"]
[Black "Hector, Jonny"]
[Result "1-0"]
[BlackElo "2509"]
[WhiteElo "2461"]

1. d4 {[%clk 1:30:58]} d5 {[%clk 1:30:18]} 2. c4 {[%clk 1:31:27]} c6
{[%clk 1:30:34]} 3. Nc3 {[%clk 1:31:55]} Nf6 {[%clk 1:30:47]} 4. e3
{[%clk 1:32:23]} Bf5 {[%clk 1:30:13]} 5. cxd5 {[%clk 1:32:38]} cxd5
{[%clk 1:30:28]} 6. Qb3 {[%clk 1:33:06]} Nc6 {[%clk 1:30:34]} 7. Qxb7
{[%clk 1:33:21]} Bd7 {[%clk 1:30:47]} 8. Qb3 {[%clk 1:33:45]} Rb8
{[%clk 1:30:16]} 9. Qd1 {[%clk 1:34:12]} e5 {[%clk 1:30:05]} 10. dxe5
{[%clk 1:34:40]} Nxe5 {[%clk 1:29:54]} 11. Be2 {[%clk 1:35:09]} Qc7
{[%clk 1:19:27]} 12. Nf3 {[%clk 1:35:34]} Bd6 {[%clk 1:17:37]} 13. Nd4
{[%clk 1:35:59]} O-O {[%clk 1:16:29]} 14. O-O {[%clk 1:35:57]} Nc4
{[%clk 1:08:30]} 15. b3 {[%clk 1:32:30]} Bxh2+ {[%clk 1:06:36]} 16. Kh1
{[%clk 1:32:58]} Nd6 {[%clk 1:05:29]} 17. Bb2 {[%clk 1:32:24]} Be5
{[%clk 1:02:18]} 18. Rc1 {[%clk 1:32:33]} Qd8 {[%clk 0:54:24]} 19. Nf3
{[%clk 1:29:58]} Ng4 {[%clk 0:53:02]} 20. Kg1 {[%clk 1:23:27]} Bxc3
{[%clk 0:44:05]} 21. Bxc3 {[%clk 1:23:15]} Bb5 {[%clk 0:37:48]} 22. Bxb5
{[%clk 1:08:25]} Nxb5 {[%clk 0:37:52]} 23. Bb2 {[%clk 1:08:42]} Re8
{[%clk 0:33:33]} 24. Qd3 {[%clk 1:03:55]} Qd6 {[%clk 0:20:35]} 25. a4
{[%clk 0:36:46]} Nc7 {[%clk 0:20:58]} 26. Qd4 {[%clk 0:37:03]} Nf6
{[%clk 0:20:32]} 27. Qxa7 {[%clk 0:37:17]} Na6 {[%clk 0:19:39]} 28. Be5
{[%clk 0:32:27]} Rxe5 {[%clk 0:18:54]} 29. Nxe5 {[%clk 0:32:55]} Qxe5
{[%clk 0:18:34]} 30. Qxa6 {[%clk 0:33:14]} g6 {[%clk 0:18:41]} 31. Rc8+
{[%clk 0:27:09]} Kg7 {[%clk 0:19:03]} 32. Rxb8 {[%clk 0:25:48]} Ng4
{[%clk 0:18:35]} 33. g3 {[%clk 0:19:04]} Qh5 {[%clk 0:17:39]} 34. Kg2
{[%clk 0:18:47]} Qh2+ {[%clk 0:17:36]} 35. Kf3 {[%clk 0:19:15]} Qh5
{[%clk 0:17:14]} 36. Qc8 {[%clk 0:13:33]} Ne5+ {[%clk 0:15:04]} 37. Kg2
{[%clk 0:12:58]} Qf3+ {[%clk 0:15:26]} 38. Kg1 {[%clk 0:07:30]} Qe4
{[%clk 0:15:39]} 39. Qf8+ {[%clk 0:02:18]} Kf6 {[%clk 0:15:45]} 40. Rb6+
{[%clk 0:02:14]} Kg5 {[%clk 0:14:57]} 41. Qd8+ {[%clk 0:01:35]} 1-0

[Event "SM-gruppen"]
[Site "Örebro"]
[Date "2013.07.10"]
[Round "5"]
[White "Wiedenkeller, Michael"]
[Black "Smith, Axel"]
[Result "0-1"]
[BlackElo "2461"]
[WhiteElo "2475"]

1. d4 {[%clk 1:30:45]} d5 {[%clk 1:30:57]} 2. c4 {[%clk 1:30:56]} c6
{[%clk 1:31:25]} 3. Nf3 {[%clk 1:31:04]} Nf6 {[%clk 1:31:53]} 4. e3
{[%clk 1:31:03]} Bg4 {[%clk 1:32:19]} 5. Nc3 {[%clk 1:29:48]} e6 {[%clk 1:32:47]}
6. h3 {[%clk 1:29:52]} Bh5 {[%clk 1:33:14]} 7. g4 {[%clk 1:29:30]} Bg6
{[%clk 1:33:43]} 8. Ne5 {[%clk 1:29:39]} Nbd7 {[%clk 1:34:09]} 9. h4
{[%clk 1:29:01]} dxc4 {[%clk 1:34:25]} 10. Nxg6 {[%clk 1:29:10]} hxg6
{[%clk 1:34:53]} 11. g5 {[%clk 1:29:10]} Nd5 {[%clk 1:35:19]} 12. Bxc4
{[%clk 1:29:26]} N7b6 {[%clk 1:35:48]} 13. Be2 {[%clk 1:29:27]} Bb4
{[%clk 1:35:58]} 14. Bd2 {[%clk 1:15:05]} Qe7 {[%clk 1:36:17]} 15. e4
{[%clk 1:05:37]} e5 {[%clk 1:36:28]} 16. dxe5 {[%clk 0:46:32]} Nxc3
{[%clk 1:36:53]} 17. bxc3 {[%clk 0:45:46]} Bc5 {[%clk 1:37:21]} 18. f4
{[%clk 0:36:27]} f6 {[%clk 1:37:50]} 19. gxf6 {[%clk 0:27:38]} gxf6
{[%clk 1:38:18]} 20. Bd3 {[%clk 0:17:36]} O-O-O {[%clk 1:38:46]} 21. Qg4+
{[%clk 0:16:06]} Kb8 {[%clk 1:39:14]} 22. exf6 {[%clk 0:15:40]} Qxf6
{[%clk 1:32:02]} 23. e5 {[%clk 0:15:03]} Qf7 {[%clk 1:16:39]} 24. Rh3
{[%clk 0:14:40]} Qd5 {[%clk 1:07:01]} 25. Qe2 {[%clk 0:14:50]} Be7
{[%clk 1:03:39]} 26. Be4 {[%clk 0:09:57]} Qe6 {[%clk 0:59:54]} 27. Qh2
{[%clk 0:10:22]} Qg4 {[%clk 0:39:32]} 28. Bf3 {[%clk 0:10:47]} Bxh4+
{[%clk 0:39:11]} 29. Kf1 {[%clk 0:10:51]} Qf5 {[%clk 0:37:23]} 30. Rd1
{[%clk 0:08:54]} Nc4 {[%clk 0:25:07]} 31. Rxh4 {[%clk 0:08:47]} Rxh4
{[%clk 0:25:27]} 32. Qxh4 {[%clk 0:09:02]} Nxd2+ {[%clk 0:25:28]} 33. Kg2
{[%clk 0:09:13]} Rd3 {[%clk 0:24:06]} 34. Qh8+ {[%clk 0:06:11]} Kc7
{[%clk 0:24:01]} 35. Qh4 {[%clk 0:02:27]} a5 {[%clk 0:13:14]} 36. Qe7+
{[%clk 0:02:40]} Kb6 {[%clk 0:10:42]} 37. Qf6 {[%clk 0:00:34]} Nxf3
{[%clk 0:05:44]} 38. Rxd3 {[%clk 0:00:37]} Ne1+ {[%clk 0:04:54]} 39. Kf1
{[%clk 0:01:00]} Nxd3 {[%clk 0:04:57]} 40. Qd8+ {[%clk 0:31:26]} Kb5
{[%clk 0:34:17]} 41. a4+ {[%clk 0:28:55]} Kxa4 {[%clk 0:30:15]} 0-1